Developing comprehension : using graphic organisers : (Record no. 7071)
[ view plain ]
| 000 -LEADER | |
|---|---|
| fixed length control field | 00742nam a22002297a 4500 |
| 003 - CONTROL NUMBER IDENTIFIER | |
| control field | OSt |
| 005 - DATE AND TIME OF LATEST TRANSACTION | |
| control field | 20140310181923.0 |
| 008 - FIXED-LENGTH DATA ELEMENTS--GENERAL INFORMATION | |
| fixed length control field | 130719t xxu||||| |||| 00| 0 eng d |
| 050 ## - LIBRARY OF CONGRESS CALL NUMBER | |
| Classification number | LB 1050 |
| Item number | .G864 2007 |
| 082 ## - DEWEY DECIMAL CLASSIFICATION NUMBER | |
| Classification number | TR 372 |
| Item number | G864g 2007 |
| 100 ## - MAIN ENTRY--PERSONAL NAME | |
| Personal name | Grimmett, Helen |
| 245 ## - TITLE STATEMENT | |
| Title | Developing comprehension : using graphic organisers : |
| Remainder of title | lower primary / |
| Statement of responsibility, etc | Helen Grimmett, Denise Ryan. |
| 260 ## - PUBLICATION, DISTRIBUTION, ETC. (IMPRINT) | |
| Place of publication, distribution, etc | Port Melbourne, Vic : |
| Name of publisher, distributor, etc | Rigby, |
| Date of publication, distribution, etc | c2007. |
| 300 ## - PHYSICAL DESCRIPTION | |
| Extent | 48 p. ; |
| Other physical details | ill. ; |
| Dimensions | 28 cm. |
| 521 ## - TARGET AUDIENCE NOTE | |
| Target audience note | |
| 541 ## - IMMEDIATE SOURCE OF ACQUISITION NOTE | |
| -- | 1 |
| 562 ## - COPY AND VERSION IDENTIFICATION NOTE | |
| Number of copies | 1 |
| 650 ## - SUBJECT ADDED ENTRY--TOPICAL TERM | |
| Topical term or geographic name as entry element | English language |
| General subdivision | Study and teaching (Primary) |
| 9 (RLIN) | 1956 |
| 650 ## - SUBJECT ADDED ENTRY--TOPICAL TERM | |
| Topical term or geographic name as entry element | Comprehension |
| General subdivision | Study and teaching (Primary) |
| 9 (RLIN) | 1957 |
| 700 ## - ADDED ENTRY--PERSONAL NAME | |
| Personal name | Grimmett, Helen |
| 942 ## - ADDED ENTRY ELEMENTS (KOHA) | |
| Source of classification or shelving scheme | Library of Congress Classification |
| Koha item type | |
| Call number prefix | |
| Withdrawn status | Lost status | Source of classification or shelving scheme | Damaged status | Home library | Current library | Shelving location | Date acquired | Total Checkouts | Full call number | Barcode | Date last seen | Copy number | Price effective from | Koha item type |
|---|---|---|---|---|---|---|---|---|---|---|---|---|---|---|
| Library of Congress Classification | Luxembourg Library | Luxembourg Library | Teachers Reference Section | 07/19/2013 | LB 1050 .G864 2007 | 19342 | 08/13/2013 | 1 | 07/19/2013 | Books |